000 00554nam a2200181Ia 4500
003 GCL
008 140319s9999 xx 000 0 ara d
040 _aGCL /
_cGCL
082 0 4 _a813.03
_bع ط
100 1 _aعبدالحكيم قاسم
245 1 0 _aطرق من خير الاخرة /
_cعبدالحكيم قاسم
300 _a111
490 _aمختارات وفصول, سلسلة ادبية شهرية 26
_v0
650 0 4 _aالادب العربى
650 0 4 _aالعصر الحديث
650 0 4 _aالقصص العربية
942 _2ddc
_cBK
999 _c40785
_d40785